| 000 | 01226nam a22003017a 4500 | ||
|---|---|---|---|
| 005 | 20080929101452.0 | ||
| 008 | 080929t xxu||||| |||| 00| 0chin d | ||
| 010 | _aHIN-92143 | ||
| 020 |
_a9788178357393 _c360.00 |
||
| 035 | _aHN-64489 | ||
| 037 | _bDBAD / PUB | ||
| 040 |
_aDPL _bHN |
||
| 082 | _aक | ||
| 100 |
_926640 _aअरोड़ा, प्रीतम |
||
| 245 |
_aरेत के टीले / _bप्रीतम अरोड़ा |
||
| 246 |
_aRet ke teele _bby Pritam Aroora |
||
| 260 |
_aदिल्ली _bकल्पज़ पब्लिकेशन्स _c2009 |
||
| 270 |
_aसी-30, सत्यवती नगर _bदिल्ली _e110052 _k9212729499kalpaz@hotmail.com |
||
| 300 |
_a158पृ. _c22सेमी (सजिल्द) |
||
| 650 |
_9697 _aहिन्दी लघु कथाएँ |
||
| 650 |
_926674 _aHindi Fiction |
||
| 650 | _9698 | ||
| 700 | _926643 | ||
| 700 |
_aचेकाल्स्का, रेनाता _926771 |
||
| 710 | _926662 | ||
| 942 |
_2ddc _cHN _hक _mअरोड़ा |
||
| 999 |
_c51243 _d51243 |
||